Catálogo de la Librería del Cabildo Toledano / (Record no. 110243)

MARC details
000 -LEADER
campo de control de longitud fija 00861nam a2200217 i 4500
001 - NÚMERO DE CONTROL
campo de control 110243
003 - IDENTIFICADOR DE NÚMERO DE CONTROL
campo de control ES-MaACL
005 - FECHA Y HORA DE LA ÚLTIMA TRANSACCIÓN
campo de control 20230906185017.0
007 - CAMPO FIJO DE DESCRIPCIÓN FÍSICA--INFORMACIÓN GENERAL
campo de control de longitud fija t|
008 - DATOS DE LONGITUD FIJA--INFORMACIÓN GENERAL
campo de control de longitud fija 061121s1903 sp c |||| | spa d
100 1# - ENTRADA PRINCIPAL--NOMBRE DE PERSONA
Nombre de persona Octavio de Toledo, José María.
9 (RLIN) 86508
245 10 - MENCIÓN DEL TÍTULO
Título Catálogo de la Librería del Cabildo Toledano /
Mención de responsabilidad, etc. por D. José María Octavio de Toledo.
260 ## - PUBLICACIÓN, DISTRIBUCIÓN, ETC.
Lugar de publicación, distribución, etc. Madrid :
Nombre del editor, distribuidor, etc. Revista de Archivos, Bibliotecas y Museos,
Fecha de publicación, distribución, etc. 1903.
300 ## - DESCRIPCIÓN FÍSICA
Extensión 1 v. (137 p.) ;
Dimensiones 25 cm.
490 1# - MENCIÓN DE SERIE
Mención de serie Biblioteca de la Revista de archivos, bibliotecas y museos ;
Designación de volumen o secuencia 3
505 8# - NOTA DE CONTENIDO CON FORMATO
Nota de contenido con formato Contiene: 1ª parte, Manuscritos
610 24 - PUNTO DE ACCESO ADICIONAL DE MATERIA--NOMBRE DE ENTIDAD CORPORATIVA
Nombre de entidad corporativa o nombre de jurisdicción como elemento de entrada Catedral Primada de Toledo.
Unidad subordinada Biblioteca Capitular-
Subdivisión de forma Catálogos.
9 (RLIN) 169667
830 0# - PUNTO DE ACCESO ADICIONAL DE SERIE-TÍTULO UNIFORME
Título uniforme Biblioteca de la Revista de archivos, bibliotecas y museos ;
Designación de volumen o secuencia 3
9 (RLIN) 185621
852 ## - LOCALIZACIÓN
Ubicación ES-MaACL
Número de control de estantería C-2376
Nota libre - Enc. hol.
Holdings
Estatus retirado Estado de pérdida Fuente del sistema de clasificación o colocación Estado de daño No para préstamo Colección Biblioteca de origen Biblioteca actual Ubicación en estantería Fecha de adquisición Total de préstamos Signatura topográfica completa Código de barras Visto por última vez Precio de reemplazo Tipo de ítem Koha
    Clasificación decimal universal     Biblioteca profesional Biblioteca del Ateneo de Madrid Biblioteca del Ateneo de Madrid Sala Palomar 17/01/2008   C-2376 1115015 23/02/2023 23/02/2023 Libro impreso